Normal view
MARC view
- Ashraf Khan
Entry Personal Name
001 - CONTROL NUMBER
- control field: 9804
003 - CONTROL NUMBER IDENTIFIER
- control field: NUST
005 - DATE AND TIME OF LATEST TRANSACTION
- control field: 20180124155301.0
008 - FIXED-LENGTH DATA ELEMENTS
- fixed length control field: 180124|| aca||aabn | a|a d
040 ## - CATALOGING SOURCE
- Original cataloging agency: NUST
- Transcribing agency: NUST
100 ## - HEADING--PERSONAL NAME
- Personal name: Ashraf Khan
670 ## - SOURCE DATA FOUND
- Source citation: Work cat.: (NUST)325348: Ashraf Khan, Jurrat Kay Sitaray, 2012
